| 000 | 00888nam0a22002411 4500 | ||
|---|---|---|---|
| 001 | rc\900122 | ||
| 005 | 20041129094345.8 | ||
| 035 | _a(NLR Aleph) 006075855 | ||
| 090 |
_a5046601 _c5046601 |
||
| 100 | _a20041129d1984 u |0rusy50 ca | ||
| 101 | 0 | _arus | |
| 102 | _aRU | ||
| 105 | _aa ||||||||| | ||
| 200 | 1 |
_aПтицы уссурийской тайги _e[Путешествие по реке Бикин _eФотоальбом] _f[Фот. Ю. Пукинского, Ю. Шибнева] _gХудож. В.Е. Трепцов |
|
| 210 |
_aХабаровск _cКн. изд-во _d1984 |
||
| 215 |
_a238 с. _cил., цв. ил. _d26 |
||
| 300 | _aЧасть текста англ. | ||
| 700 | 1 |
_aПукинский _bЮ. Б. _f1932- _gЮрий Болеславович |
|
| 801 | 0 |
_aRU _bNLR _gpsbo |
|
| 801 | 1 |
_aRU _bELAR _2rusmarc |
|
| 852 |
_aNLR _bЭ _jАлЗо415/2-15 |
||
| 942 | _cBOOK | ||
| 980 | _aNB | ||